Mens NCAA March Madness Bracket 2026 - Sweet 16 - Statistics

General Stats
  • This quiz has been taken 12 times
  • The average score is 15 of 16
Answer Stats
Hint Answer % Correct
1 Arizona
100%
1 Duke
100%
3 Illinois
100%
9 Iowa
100%
2 Iowa St
100%
1 Michigan
100%
5 St John's
100%
11 Texas
100%
2 UConn
100%
4 Alabama
91%
4 Arkansas
91%
2 Houston
91%
3 Michigan St
91%
2 Purdue
91%
6 Tennessee
91%
4 Nebraska
82%
No matching quizzes found
Score Distribution
Percent of People with Each Score
Percentile by Number Answered
Your Score History
You have not taken this quiz